000 00684 a2200217 4500
003 UA-OsUOA
005 20260429145452.0
008 260429b un ||||| |||| 00| 0 ukr d
040 _aUA-OsUOA
_bukr
_cUA-OsUOA
_dUA-OsUOA
041 _aukr
080 _a82
090 _a82
_bЯ92
100 _aЯцків М.
_925133
245 _aРіздвяні троянди
_cМикола Яцків
260 _c1953
_aНю Йорк
300 _a28 с.
650 _2UDC
_a82 Література. Літературознавство
_915
942 _cBR
_2udc
955 _a3
999 _c580617
_d580617